000 00592cam a22002053a 4500
001 40589
003 PGUSA
005 20140828083915.0
008 120827s2012||||xxu|||||s|||||000 | eng d
040 _aPGUSA
_beng
042 _adc
100 1 _aCundall, Joseph
245 1 2 _aA Brief History of Wood-engraving from Its Invention
_h[electronic resource] /
_cJoseph Cundall
260 _bProject Gutenberg,
_c2012
506 _aPublic domain in the USA.
516 _aElectronic text
830 0 _aProject Gutenberg
_v40589
856 4 0 _uhttp://www.gutenberg.org/ebooks/40589
942 _cEB
999 _c269842
_d269842